A history of architectural conservation (Record no. 101962)

MARC details
000 -LEADER
fixed length control field 01033cam a2200265 4500
008 - FIXED-LENGTH DATA ELEMENTS--GENERAL INFORMATION
fixed length control field 020325n2002 000 0 eng u
020 ## - INTERNATIONAL STANDARD BOOK NUMBER
International Standard Book Number 0750655119
035 ## - SYSTEM CONTROL NUMBER
System control number (Sirsi) u117220
041 ## - LANGUAGE CODE
Language code of text/sound track or separate title eng.
050 ## - LIBRARY OF CONGRESS CALL NUMBER
Classification number 690.241
100 ## - MAIN ENTRY--PERSONAL NAME
Personal name Jokilehto, J.
245 #2 - TITLE STATEMENT
Title A history of architectural conservation
250 ## - EDITION STATEMENT
Edition statement 2nd ed.
260 ## - PUBLICATION, DISTRIBUTION, ETC.
Place of publication, distribution, etc. Oxford
Name of publisher, distributor, etc. Butterworth-Heineman
Date of publication, distribution, etc. 2002
300 ## - PHYSICAL DESCRIPTION
Extent xiv,354p.
Other physical details ill.
Dimensions 25cm.
350 ## - PRICE (NR) (BK AM CF MU VM SE) [OBSOLETE]
Price 29.99
520 ## - SUMMARY, ETC.
Summary, etc. Looks at the history and theory of architectural conservation of ancient monuments, works of art and historic buildings. Covers the origins of the interest in conservation, within the European context, and the development of the concepts from Antiquity, through the Renaissance, to the present day.
650 ## - SUBJECT ADDED ENTRY--TOPICAL TERM
Topical term or geographic name entry element HISTORIC BUILDINGS
650 ## - SUBJECT ADDED ENTRY--TOPICAL TERM
Topical term or geographic name entry element RESTORATION
650 ## - SUBJECT ADDED ENTRY--TOPICAL TERM
Topical term or geographic name entry element ANTIQUITIES
650 ## - SUBJECT ADDED ENTRY--TOPICAL TERM
Topical term or geographic name entry element ANCIENT MONUMENTS
650 ## - SUBJECT ADDED ENTRY--TOPICAL TERM
Topical term or geographic name entry element ARCHITECTURAL CONSERVATION
690 ## - LOCAL SUBJECT ADDED ENTRY--TOPICAL TERM (OCLC, RLIN)
Topical term or geographic name as entry element BUILT ENVIRONMENT-BUILDING MAINTENANCE AND REFURBISHMENT-BUILDING CONSERVATION
942 ## - ADDED ENTRY ELEMENTS (KOHA)
Suppress in OPAC 0
Holdings
Withdrawn status Lost status Source of classification or shelving scheme Damaged status Not for loan Home library Current library Shelving location Date acquired Cost, normal purchase price Total Checkouts Full call number Barcode Date last seen Date last checked out Copy number Cost, replacement price Price effective from Koha item type
    Dewey Decimal Classification     London London Books 17/04/2002 25.49 23 690.241 JOK 30065672 06/08/2019 03/08/2009 1 25.49 06/08/2019 Book